000 01140nam a22002777a 4500
003 BD-DhSAU
005 20210929164619.0
008 151014b2018 bg ||||| |||| 001 0 eng d
040 _aBD-DhSAU
082 _222
_a571.92
_bUr5
100 _a Urmi , Ferdaous Jahan
_eRegistration No: 17-08237
245 _aMicrobial contamination in Oyster Mushroom (Pleurotus Ostreatus) and their management using different chemicals /
_bMS Thesis
260 _aSher-e- Bangla Agricultural University :
_bDepartment of Plant Pathology,
_c2018
300 _ax, 81 p. :
_bill. ;
_c30 cm.
500 _aMS Thesis ,Department Of Plant Pathology ,Sher-E-Bangla Agricultural University , Dhaka-1207 ,
504 _aIncludes Bibliographic Reference
590 _aShofi
650 _aPlant Pathology
_2
650 _aMicrobial contamination
650 _aOyster Mushroom (Pleurotus Ostreatus)
650 _a Chemicals
700 _aAkhter , Khadija
_eSupervisor
700 _a Chowdhury , M. Salahuddin M.
_eCo-Supervisor
856 _uhttp://archive.saulibrary.edu.bd:8080/xmlui/handle/123456789/3470
_yOnline Access
942 _2ddc
_cTHESIS
999 _c15029
_d15028